[Event "Paris-ch op-B"]
[Site "Paris"]
[Date "2002.07.08"]
[Round "3.2"]
[White "Lacroix, Norbert"]
[Black "Beghin, Ronan"]
[Result "1-0"]
[WhiteElo "1890"]
[BlackElo "2090"]
[PlyCount "35"]
[EventDate "2002.07.06"]
[EventType "swiss"]
[EventRounds "7"]
[EventCountry "FRA"]
[SourceTitle "EXT 2003"]
[Source "ChessBase"]
[SourceDate "2002.11.25"]
[SourceVersion "1"]
[SourceVersionDate "2002.11.25"]
[SourceQuality "1"]

1. d4 d5 2. c4 e6 3. Nc3 Nf6 4. Nf3 Be7 5. e3 0-0 6. b3 c5 7. Bb2 Nc6 8. Bd3 cxd4 9. exd4 dxc4 10. bxc4 Qb6 11. Rb1 Rd8 12. Nb5 Bb4+ 13. Kf1 a6 14. c5 Qa5 15. Nd6 Qxa2 16. Ng5 Rf8 17. Qc2 Qd5 18. Bxh7+ 1-0